[Event "Ostroda op 8th"]
[Site "Ostroda"]
[Date "2011.08.06"]
[Round "4"]
[White "Walczak, Krystian"]
[Black "Cartier, Nicolas"]
[Result "1-0"]
[WhiteElo "1981"]
[BlackElo "2076"]
[PlyCount "91"]
[EventDate "2011.08.04"]
[EventType "swiss"]
[EventRounds "9"]
[EventCountry "POL"]
[SourceTitle "CBM 143 Extra"]
[Source "ChessBase"]
[SourceDate "2011.08.29"]
[SourceVersion "1"]
[SourceVersionDate "2011.08.29"]
[SourceQuality "1"]

1. e4 c5 2. Nc3 Nc6 3. g3 g6 4. d3 Bg7 5. Bg2 e6 6. Be3 d6 7. f4 Nge7 8. Nf3 0-0 9. 0-0 Rb8 10. Qd2 Nd4 11. Rae1 b5 12. Nd1 b4 13. Nh4 f5 14. c3 bxc3 15. bxc3 Ndc6 16. h3 Qa5 17. g4 Kh8 18. Qc2 d5 19. gxf5 gxf5 20. exf5 exf5 21. Bd2 Qd8 22. Nf3 Ng6 23. Bc1 Qd6 24. Qd2 Bd7 25. d4 cxd4 26. cxd4 Nxd4 27. Nxd4 Qc5 28. Kh1 Bxd4 29. Ba3 Qb6 30. Bxf8 Rxf8 31. Bxd5 Bb5 32. Rf3 Nh4 33. Rb3 Bc6 34. Bxc6 Qxc6+ 35. Kh2 Rd8 36. Qe2 Rg8 37. Rg3 Rd8 38. Qe7 Bf6 39. Qe2 Ng6 40. Rf3 Nxf4 41. Rxf4 Qc7 42. Kg3 Bh4+ 43. Kxh4 Qxf4+ 44. Kh5 Rd6 45. Qe8+ Kg7 46. Re7+ 1-0

[Event "Kowalewo Pomorskie op-B 17th"]
[Site "Kowalewo Pomorskie"]
[Date "2010.07.09"]
[Round "7"]
[White "Gajek, Radoslaw"]
[Black "Walczak, Krystian"]
[Result "1/2-1/2"]
[WhiteElo "1843"]
[BlackElo "1963"]
[PlyCount "37"]
[EventDate "2010.07.04"]
[EventType "swiss"]
[EventRounds "9"]
[EventCountry "POL"]
[SourceTitle "EXT 2011"]
[Source "ChessBase"]
[SourceDate "2010.11.26"]
[SourceVersion "1"]
[SourceVersionDate "2010.11.26"]
[SourceQuality "1"]

1. e4 c5 2. Nf3 d6 3. d4 Nf6 4. Nc3 cxd4 5. Nxd4 g6 6. Be3 Bg7 7. f3 Nc6 8. Qd2 0-0 9. 0-0-0 Nxd4 10. Bxd4 Be6 11. Kb1 Qc7 12. g4 Rfc8 13. h4 Qa5 14. a3 Rab8 15. h5 b5 16. Qg5 h6 17. Qd2 b4 18. Nd5 Bxd5 19. exd5 1/2-1/2

[Event "Kowalewo Pomorskie op-B 17th"]
[Site "Kowalewo Pomorskie"]
[Date "2010.07.06"]
[Round "4"]
[White "Walczak, Krystian"]
[Black "Siergiej, Izabela"]
[Result "1-0"]
[WhiteElo "1963"]
[BlackElo "1747"]
[PlyCount "81"]
[EventDate "2010.07.04"]
[EventType "swiss"]
[EventRounds "9"]
[EventCountry "POL"]
[SourceTitle "EXT 2011"]
[Source "ChessBase"]
[SourceDate "2010.11.26"]
[SourceVersion "1"]
[SourceVersionDate "2010.11.26"]
[SourceQuality "1"]

1. e4 Nc6 2. Nf3 e5 3. d4 exd4 4. Bc4 Bb4+ 5. c3 dxc3 6. bxc3 Bd6 7. 0-0 Nge7 8. Bxf7+ Kxf7 9. Ng5+ Kf8 10. Qf3+ Nf5 11. Qxf5+ Qf6 12. Nxh7+ Rxh7 13. Qxh7 b6 14. Be3 Kf7 15. f4 Qg6 16. Qxg6+ Kxg6 17. Nd2 Ba6 18. Rf2 Re8 19. e5 Bf8 20. Re1 Ne7 21. Rf3 Nf5 22. Bf2 Bb7 23. Rd3 Bc6 24. g4 Nh6 25. h3 Nf7 26. Nf3 Kh7 27. Nd4 Ba4 28. e6 dxe6 29. Nxe6 Bd6 30. Ng5+ Nxg5 31. Rxe8 Bxe8 32. fxg5 Bb5 33. Rd1 Bf4 34. h4 c5 35. Kg2 Bc6+ 36. Kh3 Be5 37. h5 Kg8 38. c4 Kf7 39. Bg3 Bd4 40. Re1 Bd7 41. g6+ 1-0

[Event "Kolobrzeg op 11th"]
[Site "Kolobrzeg"]
[Date "2010.??.??"]
[Round "8"]
[White "Walczak, Krystian"]
[Black "Grabarczyk, Bogdan"]
[Result "0-1"]
[WhiteElo "1963"]
[BlackElo "2450"]
[PlyCount "50"]
[EventDate "2010.08.16"]
[EventType "swiss"]
[EventRounds "9"]
[EventCountry "POL"]
[SourceTitle "CBM 138 Extra"]
[Source "ChessBase"]
[SourceDate "2010.10.29"]
[SourceVersion "1"]
[SourceVersionDate "2010.10.29"]
[SourceQuality "1"]

1. e4 c5 2. Nf3 e6 3. d4 cxd4 4. Nxd4 a6 5. Bd3 Nf6 6. 0-0 d6 7. Nc3 Nbd7 8. f4 b5 9. a3 Bb7 10. Be3 g6 11. Qf3 Bg7 12. Qg3 Nc5 13. f5 e5 14. fxg6 hxg6 15. Nf5 gxf5 16. Qxg7 Rg8 17. Qh6 f4 18. Bxc5 dxc5 19. Rad1 Qb6 20. Be2 b4 21. Nb1 Bxe4 22. Bf3 c4+ 23. Kh1 Ke7 24. h3 Bxf3 25. Rxf3 Rh8 0-1

[Event "Ketrzyn op-B 12th"]
[Site "Ketrzyn"]
[Date "2009.12.30"]
[Round "9"]
[White "Prazych, Tadeusz"]
[Black "Walczak, Krystian"]
[Result "0-1"]
[WhiteElo "1593"]
[BlackElo "1986"]
[PlyCount "60"]
[EventDate "2009.12.27"]
[EventType "swiss"]
[EventRounds "9"]
[EventCountry "POL"]
[SourceTitle "EXT 2011"]
[Source "ChessBase"]
[SourceDate "2010.11.26"]
[SourceVersion "1"]
[SourceVersionDate "2010.11.26"]
[SourceQuality "1"]

1. e4 c5 2. Nf3 d6 3. d4 Nf6 4. Nc3 cxd4 5. Nxd4 g6 6. f3 Bg7 7. Be3 0-0 8. Qd2 Nc6 9. Nb3 Be6 10. 0-0-0 Bxb3 11. axb3 Qa5 12. Na4 Nb4 13. c3 Rfc8 14. Kb1 Nc6 15. Qc2 b5 16. b4 Qxa4 17. Qxa4 bxa4 18. Bb5 a5 19. bxa5 Rxa5 20. c4 a3 21. Bb6 Raa8 22. bxa3 Rxa3 23. Rhe1 Nd7 24. Bg1 Nb4 25. Bd4 Bxd4 26. Rxd4 Nc5 27. e5 Rca8 28. exd6 Ra1+ 29. Kb2 Rxe1 30. d7 Re2+ 0-1

[Event "Ketrzyn op-B 12th"]
[Site "Ketrzyn"]
[Date "2009.12.27"]
[Round "1"]
[White "Walczak, Krystian"]
[Black "Dejna, Miroslaw"]
[Result "1-0"]
[WhiteElo "1986"]
[BlackElo "1290"]
[PlyCount "47"]
[EventDate "2009.12.27"]
[EventType "swiss"]
[EventRounds "9"]
[EventCountry "POL"]
[SourceTitle "EXT 2011"]
[Source "ChessBase"]
[SourceDate "2010.11.26"]
[SourceVersion "1"]
[SourceVersionDate "2010.11.26"]
[SourceQuality "1"]

1. e4 e5 2. Nf3 Nc6 3. d4 exd4 4. Bc4 Bb4+ 5. c3 dxc3 6. bxc3 Ba5 7. 0-0 Nge7 8. Ng5 d5 9. Bxd5 Nxd5 10. exd5 Ne7 11. Re1 Bf5 12. Ba3 0-0 13. Bxe7 Qe8 14. Nd2 Qd7 15. Bxf8 Rxf8 16. Qf3 Bg6 17. Nc4 Bb6 18. Ne5 Qf5 19. Nxg6 fxg6 20. Qxf5 gxf5 21. Re7 Rb8 22. Rae1 a6 23. Re8+ Rxe8 24. Rxe8# 1-0

[Event "Chojnice op-B"]
[Site "Chojnice"]
[Date "2009.07.16"]
[Round "8"]
[White "Szmidt, Przemyslaw"]
[Black "Walczak, Krystian"]
[Result "1/2-1/2"]
[WhiteElo "1999"]
[BlackElo "1964"]
[PlyCount "25"]
[EventDate "2009.07.11"]
[EventType "swiss"]
[EventRounds "9"]
[EventCountry "POL"]
[SourceTitle "EXT 2011"]
[Source "ChessBase"]
[SourceDate "2010.11.26"]
[SourceVersion "1"]
[SourceVersionDate "2010.11.26"]
[SourceQuality "1"]

1. e4 c5 2. Nf3 d6 3. Bb5+ Bd7 4. Bxd7+ Qxd7 5. 0-0 Nf6 6. Re1 Nc6 7. c3 g6 8. d4 cxd4 9. cxd4 Bg7 10. Nc3 0-0 11. Bg5 h6 12. Bh4 g5 13. Bg3 1/2-1/2

[Event "Chojnice op-B"]
[Site "Chojnice"]
[Date "2009.07.15"]
[Round "7"]
[White "Grajczak, Adrian"]
[Black "Walczak, Krystian"]
[Result "1/2-1/2"]
[WhiteElo "1985"]
[BlackElo "1964"]
[PlyCount "41"]
[EventDate "2009.07.11"]
[EventType "swiss"]
[EventRounds "9"]
[EventCountry "POL"]
[SourceTitle "EXT 2011"]
[Source "ChessBase"]
[SourceDate "2010.11.26"]
[SourceVersion "1"]
[SourceVersionDate "2010.11.26"]
[SourceQuality "1"]

1. c4 Nf6 2. g3 g6 3. Bg2 Bg7 4. Nc3 0-0 5. d3 e5 6. e3 Nc6 7. Nge2 d6 8. 0-0 Be6 9. Nd5 Qd7 10. Rb1 Rae8 11. Nec3 Nd8 12. b4 Nxd5 13. cxd5 Bh3 14. Qc2 Bxg2 15. Kxg2 f5 16. e4 f4 17. f3 h5 18. Qf2 g5 19. Kh1 g4 20. gxf4 exf4 21. Ne2 1/2-1/2

[Event "Chojnice op-B"]
[Site "Chojnice"]
[Date "2009.07.15"]
[Round "6"]
[White "Walczak, Krystian"]
[Black "Zhuk, Ilya"]
[Result "1-0"]
[WhiteElo "1964"]
[BlackElo "1846"]
[PlyCount "61"]
[EventDate "2009.07.11"]
[EventType "swiss"]
[EventRounds "9"]
[EventCountry "POL"]
[SourceTitle "EXT 2011"]
[Source "ChessBase"]
[SourceDate "2010.11.26"]
[SourceVersion "1"]
[SourceVersionDate "2010.11.26"]
[SourceQuality "1"]

1. e4 e6 2. d4 d5 3. Nc3 Bb4 4. e5 c5 5. a3 cxd4 6. Qxd4 Bxc3+ 7. Qxc3 Nc6 8. Qg3 Qa5+ 9. Bd2 Qb6 10. 0-0-0 Nge7 11. Bd3 g6 12. Nf3 Bd7 13. h4 0-0-0 14. h5 Nf5 15. Qh3 Qxf2 16. Bg5 Rde8 17. Rdf1 Qb6 18. Bf6 Rhg8 19. Ng5 Qe3+ 20. Kb1 Qxh3 21. Rxh3 gxh5 22. Nxf7 Ref8 23. Bxf5 Rxf7 24. Bd3 Rxg2 25. Rxh5 Kc7 26. Bxh7 Nd4 27. Bd3 Ba4 28. Bd8+ Kc8 29. Rxf7 Be8 30. Rh8 Nb3 31. Rxe8 1-0

[Event "Chelmza op-A"]
[Site "Chelmza"]
[Date "2009.06.24"]
[Round "6"]
[White "Sliwicki, Damian"]
[Black "Walczak, Krystian"]
[Result "1/2-1/2"]
[WhiteElo "1780"]
[BlackElo "1984"]
[PlyCount "115"]
[EventDate "2009.06.20"]
[EventType "swiss"]
[EventRounds "9"]
[EventCountry "POL"]
[SourceTitle "EXT 2012"]
[Source "ChessBase"]
[SourceDate "2011.11.24"]
[SourceVersion "1"]
[SourceVersionDate "2011.11.24"]
[SourceQuality "1"]

1. e4 c5 2. Nf3 e6 3. d4 cxd4 4. Nxd4 Nc6 5. c4 a6 6. Nc3 Qc7 7. Be3 Nf6 8. Be2 Be7 9. 0-0 d6 10. f4 0-0 11. Qc2 Rd8 12. Nxc6 bxc6 13. Rad1 e5 14. Rd2 Bb7 15. Na4 c5 16. Nc3 Nd7 17. f5 Bc6 18. Bd3 Nf6 19. Qd1 Rab8 20. g4 h6 21. Rg2 Nh7 22. Qe1 Rd7 23. h4 Qd8 24. Rh2 Rdb7 25. b3 a5 26. Qg3 a4 27. Bc2 axb3 28. Bxb3 Rxb3 29. axb3 Rxb3 30. Rc1 Qa5 31. Qe1 Nf6 32. g5 Nxe4 33. Bd2 Nxd2 34. Qxd2 hxg5 35. hxg5 Qd8 36. f6 Bxf6 37. gxf6 Qxf6 38. Rf2 Qh4 39. Rh2 Qg4+ 40. Kf1 Qxc4+ 41. Ne2 Qe6 42. Qa5 Rf3+ 43. Ke1 Qf6 44. Ra1 Rf1+ 45. Kd2 Qg5+ 46. Kc2 Rxa1 47. Qxa1 Be4+ 48. Kd1 Bf3 49. Kc2 g6 50. Qa6 Qf5+ 51. Kb2 Qe6 52. Qb6 Kg7 53. Qd8 Bh5 54. Ng3 Qg4 55. Nxh5+ gxh5 56. Qxd6 Qb4+ 57. Kc1 Qf4+ 58. Rd2 1/2-1/2

[Event "Chelmza op-A"]
[Site "Chelmza"]
[Date "2009.06.22"]
[Round "4"]
[White "Grota, Mateusz"]
[Black "Walczak, Krystian"]
[Result "1/2-1/2"]
[WhiteElo "1786"]
[BlackElo "1984"]
[PlyCount "38"]
[EventDate "2009.06.20"]
[EventType "swiss"]
[EventRounds "9"]
[EventCountry "POL"]
[SourceTitle "EXT 2012"]
[Source "ChessBase"]
[SourceDate "2011.11.24"]
[SourceVersion "1"]
[SourceVersionDate "2011.11.24"]
[SourceQuality "1"]

1. e4 c5 2. Nf3 d6 3. d4 cxd4 4. Nxd4 Nf6 5. Nc3 g6 6. Be2 Nc6 7. Be3 Bg7 8. f3 0-0 9. 0-0 Nxd4 10. Bxd4 e5 11. Be3 Be6 12. Qd2 d5 13. exd5 Nxd5 14. Nxd5 Qxd5 15. Qxd5 Bxd5 16. c3 b6 17. Rfd1 Rfd8 18. Kf1 Kf8 19. Rd2 e4 1/2-1/2

[Event "POL-ch U18"]
[Site "Chotowa"]
[Date "2009.04.03"]
[Round "9"]
[White "Tofil, Borys"]
[Black "Walczak, Krystian"]
[Result "1-0"]
[WhiteElo "2125"]
[BlackElo "1948"]
[PlyCount "101"]
[EventDate "2009.03.28"]
[EventType "swiss"]
[EventRounds "11"]
[EventCountry "POL"]
[SourceTitle "EXT 2011"]
[Source "ChessBase"]
[SourceDate "2010.11.26"]
[SourceVersion "1"]
[SourceVersionDate "2010.11.26"]
[SourceQuality "1"]

1. e4 c5 2. Nf3 e6 3. Nc3 Nc6 4. Bb5 a6 5. Bxc6 bxc6 6. d3 d5 7. 0-0 Be7 8. e5 Qc7 9. Re1 f6 10. Bf4 Qb7 11. Qd2 fxe5 12. Bxe5 Nf6 13. Ne2 0-0 14. c3 Bd7 15. h3 c4 16. dxc4 Ne4 17. Qc2 c5 18. Bg3 Bf6 19. Nf4 Rae8 20. Rad1 Bc6 21. Nh5 Nxg3 22. fxg3 dxc4 23. Ne5 Bd5 24. Nxf6+ gxf6 25. Ng4 Rb8 26. Rd2 Qc7 27. Re3 f5 28. Nh2 Be4 29. Qd1 Rbd8 30. Nf1 Rd3 31. Qe1 Qc6 32. Qf2 Rfd8 33. Ree2 Qd6 34. Qf4 Qxf4 35. gxf4 Kf7 36. Kf2 Kf6 37. Ke1 Rg8 38. Ne3 Rg3 39. Kf2 Rg8 40. g4 h6 41. Rxd3 cxd3 42. Rd2 e5 43. Kg3 fxg4 44. hxg4 h5 45. g5+ Ke6 46. b3 Rf8 47. f5+ Bxf5 48. Nxf5 Kxf5 49. Rf2+ Kxg5 50. Rxf8 h4+ 51. Kf3 1-0

[Event "POL-ch U18"]
[Site "Chotowa"]
[Date "2009.03.30"]
[Round "3"]
[White "Kobus, Sebastian"]
[Black "Walczak, Krystian"]
[Result "1/2-1/2"]
[WhiteElo "2021"]
[BlackElo "1948"]
[PlyCount "86"]
[EventDate "2009.03.28"]
[EventType "swiss"]
[EventRounds "11"]
[EventCountry "POL"]
[SourceTitle "EXT 2011"]
[Source "ChessBase"]
[SourceDate "2010.11.26"]
[SourceVersion "1"]
[SourceVersionDate "2010.11.26"]
[SourceQuality "1"]

1. e4 e5 2. Nf3 Nc6 3. Bc4 Bc5 4. c3 Nf6 5. d4 exd4 6. cxd4 Bb4+ 7. Bd2 Bxd2+ 8. Nbxd2 d5 9. exd5 Nxd5 10. 0-0 0-0 11. Bxd5 Qxd5 12. Qb3 Qxb3 13. Nxb3 Re8 14. Rfe1 Bg4 15. Ne5 Nxe5 16. dxe5 Rad8 17. f3 Be6 18. Nc5 b6 19. Nxe6 Rxe6 20. Rad1 Rxd1 21. Rxd1 Kf8 22. Rd7 Rc6 23. Rd2 Ke7 24. Kf2 Ke6 25. f4 Rc1 26. Ke3 Re1+ 27. Kf3 g6 28. Rc2 c5 29. Rd2 Rf1+ 30. Kg4 h6 31. b3 Rc1 32. Kf3 Rf1+ 33. Ke3 Re1+ 34. Kf2 Rc1 35. Ke2 Ke7 36. Kf3 c4 37. bxc4 Rxc4 38. g3 Ke6 39. Ke3 Ke7 40. Kd3 Rc7 41. Ke3 Rc4 42. g4 g5 43. f5 Rxg4 1/2-1/2

[Event "POL-ch U18"]
[Site "Chotowa"]
[Date "2009.03.28"]
[Round "1"]
[White "Mucha, Roman"]
[Black "Walczak, Krystian"]
[Result "1-0"]
[WhiteElo "2143"]
[BlackElo "1948"]
[PlyCount "45"]
[EventDate "2009.03.28"]
[EventType "swiss"]
[EventRounds "11"]
[EventCountry "POL"]
[SourceTitle "EXT 2011"]
[Source "ChessBase"]
[SourceDate "2010.11.26"]
[SourceVersion "1"]
[SourceVersionDate "2010.11.26"]
[SourceQuality "1"]

1. c4 Nf6 2. Nc3 g6 3. d4 Bg7 4. e4 d6 5. Be2 0-0 6. Bg5 h6 7. Be3 e5 8. d5 Nbd7 9. Qd2 Nc5 10. f3 Kh7 11. 0-0-0 a6 12. Kb1 Bd7 13. g4 Ne8 14. h4 c6 15. dxc6 bxc6 16. Bxc5 dxc5 17. Qxd7 Qb6 18. h5 Ra7 19. Qd2 g5 20. Na4 Qb4 21. Qxb4 cxb4 22. c5 Nc7 23. Rd7 1-0

[Event "Gdansk op"]
[Site "Gdansk"]
[Date "2008.07.26"]
[Round "8"]
[White "Kumala, Aleksander"]
[Black "Walczak, Krystian"]
[Result "0-1"]
[WhiteElo "1854"]
[BlackElo "1988"]
[PlyCount "50"]
[EventDate "2008.07.19"]
[EventType "swiss"]
[EventRounds "9"]
[EventCountry "POL"]
[SourceTitle "EXT 2009"]
[Source "ChessBase"]
[SourceDate "2008.11.26"]
[SourceVersion "1"]
[SourceVersionDate "2008.11.26"]
[SourceQuality "1"]

1. e4 c5 2. Nf3 d6 3. d4 Nf6 4. Nc3 cxd4 5. Nxd4 g6 6. f3 Bg7 7. Be3 Nc6 8. Qd2 0-0 9. h4 Nxd4 10. Bxd4 Be6 11. g4 Qa5 12. h5 Rfc8 13. hxg6 hxg6 14. g5 Nh5 15. Bxg7 Kxg7 16. f4 Nxf4 17. Qxf4 Rxc3 18. 0-0-0 Rcc8 19. Bh3 Qxa2 20. Bxe6 Qxe6 21. Rh7+ Kxh7 22. Qh4+ Kg8 23. Rh1 Qe5 24. Qh7+ Kf8 25. Rf1 Qg7 0-1

[Event "Kowalewo Pomorskie op-B"]
[Site "Kowalewo Pomorskie"]
[Date "2008.07.09"]
[Round "7.9"]
[White "Rychlik, Bogdan"]
[Black "Walczak, Krystian"]
[Result "1-0"]
[WhiteElo "1900"]
[BlackElo "1988"]
[PlyCount "71"]
[EventDate "2008.07.04"]
[EventType "swiss"]
[EventRounds "9"]
[EventCountry "POL"]
[SourceTitle "EXT 2023"]
[Source "ChessBase"]
[SourceDate "2022.10.05"]
[SourceVersion "1"]
[SourceVersionDate "2022.10.05"]
[SourceQuality "1"]

1. e4 c5 2. Nf3 d6 3. d4 Nf6 4. Nc3 cxd4 5. Nxd4 g6 6. f4 Nc6 7. Nxc6 bxc6 8. e5 Nd7 9. exd6 exd6 10. Qd4 Qf6 11. Be3 d5 12. Be2 Bg7 13. 0-0-0 0-0 14. Qd2 Nb6 15. h4 Bb7 16. h5 Rad8 17. Bc5 Rfe8 18. hxg6 hxg6 19. Kb1 d4 20. Qd3 Qf5 21. Bxb6 axb6 22. Na4 b5 23. Qxf5 gxf5 24. Nc5 Rxe2 25. Nxb7 Rd7 26. Nc5 Rde7 27. Rhg1 d3 28. Nxd3 R2e4 29. c3 c5 30. g3 b4 31. Nxc5 Rc4 32. Rd8+ Kh7 33. Rh1+ Kg6 34. Rd6+ Bf6 35. Nd3 Kg7 36. Nxb4 1-0

[Event "Kowalewo Pomorskie op-B"]
[Site "Kowalewo Pomorskie"]
[Date "2008.07.07"]
[Round "4.8"]
[White "Walczak, Krystian"]
[Black "Czapiewski, Waldemar"]
[Result "1/2-1/2"]
[WhiteElo "1988"]
[BlackElo "1863"]
[PlyCount "97"]
[EventDate "2008.07.04"]
[EventType "swiss"]
[EventRounds "9"]
[EventCountry "POL"]
[SourceTitle "EXT 2023"]
[Source "ChessBase"]
[SourceDate "2022.10.05"]
[SourceVersion "1"]
[SourceVersionDate "2022.10.05"]
[SourceQuality "1"]

1. e4 c5 2. Nf3 d6 3. d4 cxd4 4. Nxd4 Nf6 5. Nc3 a6 6. Bg5 e6 7. f4 Qc7 8. a4 b6 9. Be2 Nbd7 10. 0-0 Be7 11. Kh1 Bb7 12. Bf3 Rd8 13. Qe2 h6 14. Bh4 Rb8 15. Bg3 0-0 16. Rad1 Rfd8 17. Rd2 Nf8 18. Rfd1 Ne8 19. h3 g6 20. Qe3 Kg7 21. Nb3 Nd7 22. Bh2 Nc5 23. Nd4 Nd7 24. Bg4 Nf8 25. Qf2 e5 26. Nb3 f6 27. Nd5 Bxd5 28. Rxd5 Qc4 29. Qe2 Qxa4 30. Ra1 Qc6 31. Rxa6 Nc7 32. Ra7 Nxd5 33. exd5 Qe8 34. fxe5 dxe5 35. d6 Nd7 36. dxe7 Qxe7 37. Qb5 f5 38. Rxd7 Rxd7 39. Qxe5+ Kf7 40. Qxe7+ Rxe7 41. Bxb8 fxg4 42. hxg4 Re4 43. Kg1 Rxg4 44. Bc7 b5 45. c3 b4 46. Ba5 bxc3 47. Bxc3 Ke6 48. Nd4+ Kd6 49. Kf2 1/2-1/2

[Event "Kowalewo Pomorskie op-B"]
[Site "Kowalewo Pomorskie"]
[Date "2008.07.06"]
[Round "3.15"]
[White "Kochanska, Bogumila"]
[Black "Walczak, Krystian"]
[Result "0-1"]
[WhiteElo "1746"]
[BlackElo "1988"]
[PlyCount "92"]
[EventDate "2008.07.04"]
[EventType "swiss"]
[EventRounds "9"]
[EventCountry "POL"]
[SourceTitle "EXT 2023"]
[Source "ChessBase"]
[SourceDate "2022.10.05"]
[SourceVersion "1"]
[SourceVersionDate "2022.10.05"]
[SourceQuality "1"]

1. c4 Nf6 2. g3 g6 3. Bg2 Bg7 4. Nc3 0-0 5. Nf3 d5 6. cxd5 Nxd5 7. 0-0 Nc6 8. Qb3 Nb6 9. d3 Bg4 10. Be3 e5 11. Bg5 Qc8 12. Ne4 Bxf3 13. exf3 Nd4 14. Qd1 f5 15. Nd2 f4 16. Be7 Rf7 17. Bc5 Nd5 18. Re1 Ne6 19. Bh3 b6 20. Qb3 Qd7 21. Bb4 Re8 22. Bc3 Nxc3 23. Qxc3 Qb5 24. Qb3 Qxb3 25. Nxb3 Ng5 26. Bg2 Rd8 27. h4 Ne6 28. Rad1 c5 29. Rd2 Nc7 30. Nc1 Rfd7 31. b3 Nd5 32. a3 Kf7 33. Na2 Ne7 34. Bf1 Nc6 35. Kg2 Rd4 36. Re4 Bh6 37. Rd1 a5 38. Nc1 a4 39. g4 Rxe4 40. fxe4 f3+ 41. Kxf3 Nd4+ 42. Kg2 Bxc1 43. Rxc1 axb3 44. a4 Ra8 45. Kg3 Rxa4 46. f4 b2 0-1

[Event "Wroclaw Polonia op 3rd"]
[Site "Wroclaw"]
[Date "2008.06.24"]
[Round "5"]
[White "Walczak, Krystian"]
[Black "Zurkowski, Andrzej"]
[Result "0-1"]
[WhiteElo "1965"]
[BlackElo "2109"]
[PlyCount "69"]
[EventDate "2008.06.21"]
[EventType "swiss"]
[EventRounds "9"]
[EventCountry "POL"]
[SourceTitle "CBM 125 Extra"]
[Source "ChessBase"]
[SourceDate "2008.09.01"]
[SourceVersion "1"]
[SourceVersionDate "2008.09.01"]
[SourceQuality "1"]

1. e4 d5 2. exd5 Nf6 3. d4 Nxd5 4. c4 Nb6 5. Nf3 Bg4 6. Be2 e6 7. Nc3 Be7 8. Be3 0-0 9. b3 Nc6 10. Qd2 f5 11. c5 Nd5 12. Nxd5 exd5 13. 0-0 Bf6 14. h3 Bh5 15. b4 a6 16. Rfe1 Re8 17. a4 Ne7 18. Bg5 Ng6 19. Bxf6 Qxf6 20. Ne5 Bxe2 21. Rxe2 Nxe5 22. dxe5 Qe6 23. f4 Rad8 24. Qd4 h6 25. b5 Kh7 26. Rb2 a5 27. Rc1 g5 28. Re2 Rg8 29. c6 b6 30. Re3 Rg7 31. Rd3 Re7 32. Rg3 Qg6 33. Qd2 g4 34. hxg4 fxg4 35. Qd3 0-1

[Event "POL-ch U16"]
[Site "Leba"]
[Date "2008.04.04"]
[Round "9"]
[White "Walczak, Krystian"]
[Black "Graczyk, Damian"]
[Result "0-1"]
[WhiteElo "1965"]
[BlackElo "1906"]
[PlyCount "94"]
[EventDate "2008.03.29"]
[EventType "swiss"]
[EventRounds "11"]
[EventCountry "POL"]
[SourceTitle "CBM 123 Extra"]
[Source "ChessBase"]
[SourceDate "2008.05.06"]
[SourceVersion "1"]
[SourceVersionDate "2008.05.06"]
[SourceQuality "1"]

1. e4 c6 2. d4 d5 3. Nc3 dxe4 4. Nxe4 Bf5 5. Ng3 Bg6 6. Nf3 Nd7 7. h4 h6 8. h5 Bh7 9. Bd3 Bxd3 10. Qxd3 Ngf6 11. Bd2 e6 12. 0-0-0 Qc7 13. Ne4 Nxe4 14. Qxe4 Nf6 15. Qe2 0-0-0 16. g3 Kb8 17. c4 c5 18. Bf4 Bd6 19. Ne5 Rhf8 20. Kb1 Ka8 21. dxc5 Qxc5 22. Rhe1 Nxh5 23. Qxh5 f6 24. Qg4 Bxe5 25. Bxe5 Rxd1+ 26. Rxd1 Qxe5 27. Qxg7 Rc8 28. Qd7 Rb8 29. Qd4 Qf5+ 30. Ka1 a6 31. a3 Rc8 32. Rh1 h5 33. Rh4 e5 34. Qd2 Qf3 35. Qd7 Rc6 36. Qd8+ Ka7 37. Qd2 Kb8 38. Qd8+ Rc8 39. Qd6+ Ka8 40. Qd2 Qb3 41. Qe3 Qc2 42. Qb6 Rc6 43. Qd8+ Ka7 44. Rxh5 Qc1+ 45. Ka2 Qxc4+ 46. Ka1 Qc1+ 47. Ka2 Rc2 0-1